|
|
|
|
| LEADER |
01425nam a2200301 a 4500 |
| 001 |
3769871 |
| 008 |
090517s1983 dcua b i100 0 eng d |
| 010 |
|
|
|a 83026010
|
| 020 |
|
|
|a 0821303015 (pbk.)
|
| 040 |
|
|
|a DLC
|c DLC
|d DLC
|
| 082 |
0 |
0 |
|a 630/.7/1505
|2 19
|
| 245 |
0 |
0 |
|a Agricultural extension by training and visit :
|b the Asian experience /
|c edited by Michael M. Cernea, John K. Coulter, John F.A. Russell.
|
| 260 |
|
|
|a Washington, D.C., U.S.A. :
|b World Bank,
|c c1983.
|
| 300 |
|
|
|a xvi, 157 p. :
|b ill. ;
|c 28 cm.
|
| 500 |
|
|
|a "A World Bank and UNDP symposium."
|
| 500 |
|
|
|a Papers presented at the Asian Regional Workshop in the T & V System of Extension, sponsored by the World Bank and the United Nations Development Programme, at Chiang Mai, Thailand, in 1982.
|
| 504 |
|
|
|a Includes bibliographies.
|
| 541 |
1 |
|
|e 00002601
|
| 650 |
|
0 |
|a Agricultural extension work
|z Asia
|x Congresses.
|
| 700 |
1 |
|
|a Cernea, Michael M.
|
| 700 |
1 |
|
|a Coulter, John K.,
|d 1925-
|
| 700 |
1 |
|
|a Russell, John F. A.,
|d 1938-
|
| 711 |
2 |
|
|a Asian Regional Workshop on the T & V System of Extension
|d (1982 :
|c Chiang Mai, Thailand)
|
| 710 |
2 |
|
|a World Bank.
|
| 710 |
2 |
|
|a United Nations Development Programme.
|
| 852 |
4 |
|
|a Ayesha Abed library
|j Generl Shelf
|
| 999 |
|
|
|c 830
|d 830
|
| 952 |
|
|
|0 0
|1 0
|2 ddc
|4 0
|6 630_715050000000000_AGR_1983
|7 0
|9 774
|a BRACUL
|b BRACUL
|c GEN
|d 2009-05-19
|g 1269.00
|l 0
|o 630.71505 AGR
|p 3010002601
|r 2009-05-19
|t 1
|w 2009-05-19
|y BK
|